| 000 | 00698cam a2200205 a 4500 | ||
|---|---|---|---|
| 001 | 2088760 | ||
| 005 | 20240221053017.0 | ||
| 008 | 950815s1996 enk b 001 0 eng | ||
| 020 | _a0745614019 (acidfree paper) | ||
| 020 | _a0745614027 (pbk. : acidfree paper) | ||
| 040 |
_aDLC _cDLC _dDLC |
||
| 082 | 0 | 0 |
_a320.54. _220 _bNAT. |
| 100 | 2 | _aGuibernau i BerdĂșn, M. Montserrat | |
| 245 | 1 | 0 |
_aNationalisms : _bthe nation-state and nationalism in the twentieth century / _cMontserrat Guibernau. |
| 260 |
_aCambridge, UK : _bPolity Press ; _aCambridge, MA, USA : _bBlackwell Publishers [distributor], _c1996. |
||
| 300 | _avi, 174 p. ; | ||
| 650 | 0 | _aNationalism. | |
| 650 | 0 | _aNation-state. | |
| 942 | _cL | ||
| 999 |
_c456 _d456 |
||